Reptile and Amphibian Families of North America - Statistics

General Stats
  • This quiz has been taken 176 times
  • The average score is 16 of 46
Answer Stats
Hint Answer % Correct
Serpentes Colubridae
68%
Anura Hylidae
68%
Lacertilia Iguanidae
68%
Serpentes Boidae
63%
Anura Bufonidae
63%
Caudata Plethodontidae
58%
Anura Ranidae
58%
Caudata Salamandridae
53%
Caudata Sirenidae
53%
Testudines Testudinidae
53%
Caudata Ambystomatidae
47%
Crocodylia Crocodylidae
47%
Testudines Emydidae
47%
Lacertilia Gekkonidae
47%
Anura Microhylidae
47%
Testudines Trionychidae
47%
Testudines Cheloniidae
42%
Testudines Chelydridae
42%
Serpentes Elapidae
42%
Anura Pelobatidae
42%
Serpentes Viperidae
42%
Caudata Amphiumidae
37%
Anura Ascaphidae
37%
Caudata Cryptobranchidae
37%
Anura Leptodactylidae
37%
Anura Pipidae
37%
Caudata Proteidae
37%
Testudines Kinosternidae
32%
Amphisbaenia Rhineuridae
32%
Lacertilia Teiidae
32%
Testudines Dermochelyidae
26%
Caudata Rhyacotritonidae
26%
Lacertilia Anguidae
21%
Lacertilia Phrynosomatidae
21%
Lacertilia Scincidae
21%
Lacertilia Corytophanidae
16%
Caudata Dicamptodontidae
16%
Anura Rhynophynidae
16%
Lacertilia Xantusiidae
16%
Lacertilia Anniellidae
11%
Lacertilia Crotaphytidae
11%
Lacertilia Helodermatidae
11%
Serpentes Leptotyphlopidae
5%
Lacertilia Polychridae
5%
Serpentes Typhlopidae
5%
Lacertilia Tropiduridae
0%
No matching quizzes found
Score Distribution
Percent of People with Each Score
Percentile by Number Answered
Your Score History
You have not taken this quiz